000 00687nam a22002417a 4500
003 UA-OsUOA
001 330
007 ta
008 20050527b un ||||| |||| 00| 0 ukr d
100 _aМітчелл Дж
090 _a159.964:396
_bМ67
942 _cBK
040 _aUA-OsUOA
_bukr
_cUA-OsUOA
_dUA-OsUOA
245 _aПсихоаналіз і фемінізм
_bрадикальна переоцінка психоаналізу Фройда
300 _a480 с.
955 _a1
041 _aukr
080 _a159.964:396
020 _a966-96118-0-6
260 _aЛьвів
_bАстролябія
_c2004
650 7 _a159.9 Психологія
_2UDC
999 _c286494
_d286494